| 000 | 00612nam a2200193 a 4500 | ||
|---|---|---|---|
| 001 | 000021221 | ||
| 005 | 20200930011251.0 | ||
| 008 | 100902s1966 sp r 000 f spa d | ||
| 040 |
_aDO-SdBNP _bspa _cBNPHU |
||
| 082 |
_a843.8 _aM777c |
||
| 100 | 1 |
_aMontepin, Xavier de, _d1824-1902. _944356 |
|
| 245 | 1 | 0 |
_aLos compañeros de la antorcha / _cXavier de Montepin. |
| 260 |
_aMadrid : _bRamón Sopena, _c1966. |
||
| 300 |
_a704 P. ; _c18 cm. |
||
| 490 | 0 |
_aBiblioteca sopena _v11-1 |
|
| 650 | 4 |
_aNovela francesa _91075 |
|
| 650 | 4 |
_aLiteratura francesa _ySIGLO XIX _95031 |
|
| 830 | 0 |
_aBiblioteca sopena ; _v11-1 _912815 |
|
| 999 |
_c20722 _d20722 |
||